| 000 | 00807nam a22002291 4500 | ||
|---|---|---|---|
| 001 | sa 68014683 | ||
| 003 | DLC | ||
| 005 | 20260227112634.0 | ||
| 008 | 711115s1965 ii 100 0 eng | ||
| 010 | _asa 68014683 | ||
| 025 | _aPL480:I-E7844 | ||
| 040 |
_aDLC _cDLC _dDLC |
||
| 050 | 0 | 0 |
_aT55.77.I4 _bC6 1965 |
| 111 | 2 |
_aConference of Industrial Engineering and Fuel Efficiency Service Specialists, _cMadras, _d1965. |
|
| 245 | 1 | 0 |
_aIndustrial engineering and fuel efficiency service; _breport of conference of specialists held at Madras, May 4-6, 1965. |
| 260 |
_aNew Delhi _c[1965] |
||
| 300 |
_aiv, 110 p. _c28 cm. |
||
| 350 | _aRs5 | ||
| 500 | _aOrganised by the National Productivity Council. | ||
| 650 | 0 |
_aIndustrial engineering _xCongresses. |
|
| 710 | 2 | _aNational Productivity Council (India) | |
| 999 |
_c85962 _d85962 |
||